00974 2200301 4500001002100000005001500021035002000036020002200056040002200078082001500100084001700115090002200132100003500154245011300189250002900302300005000331650002300381700003400404700003000438850001200468264003300480336002100513337003000534338002300564999002200587008004100609990002200650INLIS00000000087788820230410030502 a0010-0423000188 a978-623-471-000-7 aYOPDYOGbinderda04223a028.55 a028.55 ARL d aCB-D.11 2022-30420 aArlinah I. RahardjoePengarang10aDi rumah saja = stay at home /cArlinah I. Rahardjo; penyunting, Fl. Meiana Utami; ilustrator, Nikko Wahyudi aEdisi I, Cetakan I: 2022 avi, 66 halaman :bilustrasi berwarna ;c25 cm 4aBacaan kanak-kanak1 aMeiana Utami, Fl.ePenyunting0 aNikko WahyudieIlustrator aYOPDYOG31aYogyakarta :bRainbow,c2022 2rdacontentateks 2rdamediaatanpa perantara 2rdacarrieravolume aCB-D.11/2022-3042230410s2022 yoia b 1 ind d aCB-D.11/2022-3042